[Event "HUN-chT2 Erkel 1415"]
[Site "Hungary"]
[Date "2014.12.14"]
[Round "4.12"]
[White "Varga, Istvan"]
[Black "Szviridova, Polina"]
[Result "1-0"]
[WhiteElo "1983"]
[BlackElo "1539"]
[PlyCount "65"]
[EventDate "2014.09.28"]
[EventType "team-tourn"]
[EventRounds "9"]
[EventCountry "HUN"]
[SourceTitle "EXT 2016"]
[Source "ChessBase"]
[SourceDate "2015.10.08"]
[SourceVersion "1"]
[SourceVersionDate "2015.10.08"]
[SourceQuality "1"]
[WhiteTeam "Matra"]
[BlackTeam "Fot"]
[WhiteTeamCountry "HUN"]
[BlackTeamCountry "HUN"]

1. d4 d5 2. c4 e6 3. e3 Nf6 4. Nc3 c6 5. Bd2 Nbd7 6. Nf3 b6 7. Be2 Bb7 8. 0-0 Bd6 9. Rc1 0-0 10. cxd5 Nxd5 11. e4 Nxc3 12. Bxc3 c5 13. e5 Be7 14. Re1 cxd4 15. Nxd4 Nxe5 16. Nxe6 Qxd1 17. Rcxd1 fxe6 18. Bxe5 Bd5 19. b3 Bc5 20. Bd4 Rac8 21. Bxc5 Rxc5 22. Rd2 Rfc8 23. f3 Rc2 24. Red1 Rxd2 25. Rxd2 Rc5 26. Kf2 Kf7 27. g4 g5 28. Kg3 e5 29. b4 Rc3 30. Rxd5 Ke6 31. Rd3 Rc2 32. Bd1 Rxa2 33. Bb3+ 1-0

[Event "HUN-chT2 Erkel 1314"]
[Site "Hungary"]
[Date "2014.03.02"]
[Round "8.12"]
[White "Szviridova, Polina"]
[Black "Kokeny, Norbert Adrian"]
[Result "0-1"]
[WhiteElo "1531"]
[BlackElo "1814"]
[PlyCount "46"]
[EventDate "2013.09.08"]
[EventType "team-tourn"]
[EventRounds "11"]
[EventCountry "HUN"]
[SourceTitle "EXT 2016"]
[Source "ChessBase"]
[SourceDate "2015.10.08"]
[SourceVersion "1"]
[SourceVersionDate "2015.10.08"]
[SourceQuality "1"]
[WhiteTeam "Fot"]
[BlackTeam "Dunaharaszti II"]
[WhiteTeamCountry "HUN"]
[BlackTeamCountry "HUN"]

1. e4 e6 2. d4 d5 3. exd5 exd5 4. Nf3 Bd6 5. Bd3 Nf6 6. 0-0 0-0 7. c3 Bg4 8. Bg5 h6 9. Bh4 Bf4 10. Nbd2 Nbd7 11. Qc2 c6 12. Bg3 Bxg3 13. fxg3 Re8 14. Rae1 Qc7 15. Bf5 Bxf5 16. Qxf5 Rxe1 17. Rxe1 Re8 18. Rxe8+ Nxe8 19. Nb3 Qd6 20. Nc1 Qe7 21. Nd3 Qe3+ 22. Kf1 Nef6 23. Nfe1 Ne4 0-1